000 00655nam a2200241Ia 4500
003 OSt
005 20220926014107.0
006 a|||||r|||| 00| 0
007 ta
008 220923b |||||||| |||| 00| 0 eng d
037 _cGeneral Book
040 _aRTL
_cRTL
_beng
041 _2eng
_aeng
082 _aY, L5
100 _aWishart Barry J
_9319749
245 0 _aModern sociological issues
260 _aNew York
_bMacmillan
_c1975
300 _ax, 437p
_ccm.
650 _aEssays Sociology
700 _a Reichman Louis C
_9319750
942 _hY, L5
_cGB
_2CC
999 _c627810
_d627810